Make-or-Buy-Strategien für F and E Transaktionskostenorientierte Überlegungen

Salvato in:
Dettagli Bibliografici
Autore principale: Schneider, Dietram
Altri autori: Zieringer, Carmen
Natura: Libro
Lingua:tedesco
Pubblicazione: Wiesbaden Gabler 1991
Edizione:1. Aufl.
Soggetti:
Tags: Aggiungi Tag
Nessun Tag, puoi essere il primo ad aggiungerne!!

MARC

LEADER 00000nam a2200000 4500
001 c000049
005 20221214102134.3
020 |a 3-409-13047-0 
041 0 |a ger 
044 |a DE 
245 1 0 |a Make-or-Buy-Strategien für F and E  |b Transaktionskostenorientierte Überlegungen  |c Dietram Schneider, Carmen Zieringer 
250 |a 1. Aufl. 
264 1 |a Wiesbaden  |b Gabler  |c 1991 
300 |a 171 s. 
610 2 0 |a výskum podnikový 
610 2 0 |a vývoj výrobku 
610 2 0 |a licencie 
610 2 0 |a stratégia podniková 
610 2 0 |a technológia 
610 2 0 |a náklady mimovýrobné 
610 2 0 |a operácie obchodné 
100 1 |a Schneider, Dietram 
700 1 |a Zieringer, Carmen